Central Library OPAC University of Rajshahi

حيات انيس ;; Hayat Anis / (Record no. 85046)

MARC details
000 -LEADER
fixed length control field 00548nam a22001937a 4500
001 - CONTROL NUMBER
control field 85046
003 - CONTROL NUMBER IDENTIFIER
rucl marc code BD-RjUL
005 - DATE AND TIME OF LATEST TRANSACTION
control field 20250624144927.0
008 - FIXED-LENGTH DATA ELEMENTS--GENERAL INFORMATION
fixed length control field 250624s1960 ii ||||| |||| 00| 0 urd d
035 ## - SYSTEM CONTROL NUMBER
System control number (BD-RjUL)85046
040 ## - CATALOGING SOURCE
Original cataloging agency BD-RjUL
Language of cataloging eng
Transcribing agency BD-RjUL
041 ## - LANGUAGE CODE
Language code of text/sound track or separate title urd
082 ## - DEWEY DECIMAL CLASSIFICATION NUMBER
Edition number 21
Classification number 891.439092
Author mark and year ANS 1960
100 ## - MAIN ENTRY--PERSONAL NAME
Personal name علی ، سید امجد ;; Ali, Syed Amjad
9 (RLIN) 15757
245 ## - TITLE STATEMENT
Title حيات انيس ;; Hayat Anis /
Statement of responsibility, etc. سید امجد علی ;;' Syed Amjad Ali
300 ## - PHYSICAL DESCRIPTION
Pagination 270 p. ;
Size 22 cm
650 ## - SUBJECT ADDED ENTRY--TOPICAL TERM
Topical term or geographic name as entry element Biography
942 ## - ADDED ENTRY ELEMENTS (KOHA)
Source of classification or shelving scheme Dewey Decimal Classification
Koha item type Books
Holdings
Lost status Source of classification or shelving scheme Damaged status Not for loan Collection code Permanent Location Current Location Shelving location Date acquired Source of acquisition Total Checkouts Full call number Date last seen Copy number Koha item type
  Dewey Decimal Classification   Not For Loan Non-fiction Central Library, University of Rajshahi Central Library, University of Rajshahi Reading Room 15/02/1975 S.A. Kazami   U 891.439092 ANS 1960 24/06/2025 C-1 Books